000
00318nam a22001337a 4500
008
180124b xxu||||| |||| 00| 0 eng d
020
_a
0132232553
041
_a
eng
080
_a
33
100
_a
52
101
_a
EKO
245
_a
Econometric, models, techniques,& applications
_c
Intriligator,M.D
942
_2
udc
_c
BK
999
_c
40864
_d
40864